|
|
|
|
| LEADER |
00643cam a2200181 7i4500 |
| 001 |
0000027803 |
| 005 |
20120606090000.0 |
| 020 |
0 |
0 |
|a 9780821387856
|
| 090 |
0 |
0 |
|a I 338.9
|b WOR
|
| 110 |
2 |
0 |
|a The World Bank
|
| 245 |
2 |
0 |
|a Frontiers in development policy.
|
| 260 |
0 |
0 |
|a Washington D.C:
|b The World Bank,
|c 2011.
|
| 300 |
# |
# |
|a 297 p.
|
| 650 |
0 |
0 |
|a Global Financial Crisis, 2008 - 2009
|
| 650 |
0 |
0 |
|a Development countries --
|x Economic policy
|
| 650 |
0 |
0 |
|a Free enterprise --
|x Development countries
|
| 650 |
0 |
0 |
|a Economic development --
|x Environmental aspects --
|x Development countries
|
| 999 |
|
|
|a 0000030285
|b Book
|c International
|e Business Information Centre
|